000 00378cam a22001097a 4500
008 180718b1962 xxu||||| |||| 00| 0 eng d
082 _aT000x5452 M267f/2
245 _aProceedings of the second state levels conference of planning forums Madras state
_cby Finance Department
260 _aMadras
_bGovernment of Madras
_c1962
300 _a81p.
700 _aMadras.Finance Department
999 _c497214
_d497214